CORSO DI INFORMATICA (Record n. 105970)

Dettagli MARC
000 -LEADER
fixed length control field 01594agaaa2200301 4500
001 - CONTROL NUMBER
control field 6266
003 - CONTROL NUMBER IDENTIFIER
control field IT-RoPAU
005 - DATE AND TIME OF LATEST TRANSACTION
control field 20220918181239.0
007 - PHYSICAL DESCRIPTION FIXED FIELD--GENERAL INFORMATION
fixed length control field d cvaizq
008 - FIXED-LENGTH DATA ELEMENTS--GENERAL INFORMATION
fixed length control field 50131s9999||||xx ||| | || ||und||
040 ## - CATALOGING SOURCE
Original cataloging agency IT-RoPAU
Transcribing agency IT-RoPAU
041 ## - LANGUAGE CODE
Language code of text/sound track or separate title ITALIANO
100 ## - MAIN ENTRY--PERSONAL NAME
Personal name Melazzo De Vincolis Mirella
Miscellaneous information Codice regista SPICS: 11031
9 (RLIN) 44390
130 ## - MAIN ENTRY--UNIFORM TITLE
Uniform title CORSO DI INFORMATICA
9 (RLIN) 44391
245 ## - TITLE STATEMENT
Title CORSO DI INFORMATICA
Statement of responsibility, etc. Diretto da: Melazzo De Vincolis Mirella
Name of part/section of a work CORSO DI INFORMATICA (Rif. Codice opera principale : 26266)
250 ## - EDITION STATEMENT
Edition statement Edizione Standard
260 ## - PUBLICATION, DISTRIBUTION, ETC. (IMPRINT)
Place of publication, distribution, etc. ROMA (ITALIA)
Name of publisher, distributor, etc. RAI - RADIO TELEVISIONE ITALIANA / Distribuzione: RAI
Date of manufacture "1984 (1° ed.: 1984 ; Ed. Lingua Orig.: 1984)"
300 ## - PHYSICAL DESCRIPTION
Extent VHS
Other physical details sonoro, col.
508 ## - CREATION/PRODUCTION CREDITS NOTE
Creation/production credits note "Montaggio: Lopez Emilio; Musica: Mattei Ivana; "
520 ## - SUMMARY, ETC.
Summary, etc. * INPUT E OUTPUT* BIT* CODICI BINARI* MEMORIA CENTRALE* ELABORATORE IN FUNZIONE* SCHEDA PERFORATA* TERMINALI VIDEO: STAMPANTI* REGISTRAZIONE MAGNETICA DIGITALE : UNITA' A NASTRO* UNITA' A DISCO* DATA ENTRY ED ALTRI TIPI DI PERIFERICHE* PROGRAMMI E LINGUAGGI DI PROGRAMMAZIONE* LA GESTIONE DELLA MEMORIA CENTRALE* TRASMISSIONE DEI DATICORSO DI INFORMATICA
538 ## - SYSTEM DETAILS NOTE
System details note PAL, STEREO
546 ## - LANGUAGE NOTE
Language note ITALIANO
650 ## - SUBJECT ADDED ENTRY--TOPICAL TERM
Topical term or geographic name as entry element DIDATTICO
Relator term TV-PROG. DIDATTICO/CULTURALI-DOCUMENTARI [VHS]
General subdivision Codice MATERIA SPICS: 9962
9 (RLIN) 44392
700 ## - ADDED ENTRY--PERSONAL NAME
Personal name Mattei Ivana
Relator term (musica)
Miscellaneous information Codice Musica SPICS: 33082
9 (RLIN) 44393
700 ## - ADDED ENTRY--PERSONAL NAME
Personal name Melazzo De Vincolis Mirella
Relator term (regista)
Miscellaneous information Codice regista SPICS: 11031
9 (RLIN) 44394
700 ## - ADDED ENTRY--PERSONAL NAME
Personal name Peraldo Giovanni
Relator term (soggetto)
Miscellaneous information Codice Soggetto SPICS: 10952
9 (RLIN) 44395
942 ## - ADDED ENTRY ELEMENTS (KOHA)
Koha item type VHS - VIDEO
Source of classification or shelving scheme Dewey Decimal Classification
Dati di copia
Withdrawn status Lost status Damaged status Not for loan Home library Current library Date acquired Total Checkouts Full call number Date last seen Price effective from Koha item type Public note
    Buone Condizioni Not For Loan SPICS-MEDIATECA SPICS-MEDIATECA 31/01/2015   26266 31/01/2015 31/01/2015 VHS - VIDEO Progr. Ins.: 1682 / N.Vol.:3 / Copie: 1 / Pag.: / Copia rara: NO / date import: 1.2.2015 / By Epidotti, Trombetti, Vaglietti
CREDITS: SOCIETA' SAN PAOLO Via A.Severo, 58 - ROMA (RM) & PERIODICI SAN PAOLO SRL Via Giotto, 36 MILANO & CISF Via Giotto, 36 MILANO & EDIZIONI SAN PAOLO SRL,  Piazza Soncino, 5 CINISELLO BALSAMO (MI) -- ITALY